Nothing personal (Record no. 70721)

MARC details
000 -LEADER
fixed length control field 00757cam a2200181 4500
001 - CONTROL NUMBER
control field WB3825-11
008 - FIXED-LENGTH DATA ELEMENTS--GENERAL INFORMATION
fixed length control field 020711n2002 000 0 eng u
035 ## - SYSTEM CONTROL NUMBER
System control number (Sirsi) u118787
245 ## - TITLE STATEMENT
Title Nothing personal
260 ## - PUBLICATION, DISTRIBUTION, ETC.
Date of publication, distribution, etc. 2002
490 ## - SERIES STATEMENT
Series statement Estates Gazette
Volume/sequential designation (0227) 06 July 2002, 139(1)
520 ## - SUMMARY, ETC.
Summary, etc. Highlights recently upheld CA decision in "Homebase Ltd v Allied Dunbar Assurance plc" [2002] which held that landlord's restriction on subletting was valid. Notes that provisos to right to sublet must be strictly complied with and personal obligations in a sublease can be relevant.
590 ## - LOCAL NOTE (RLIN)
Local note WB
650 ## - SUBJECT ADDED ENTRY--TOPICAL TERM
Topical term or geographic name entry element HOMEBASE LTD AND ANOTHER V ALLIED DUNBAR ASSURANCE PLC
650 ## - SUBJECT ADDED ENTRY--TOPICAL TERM
Topical term or geographic name entry element SUBLETTING
690 ## - LOCAL SUBJECT ADDED ENTRY--TOPICAL TERM (OCLC, RLIN)
Topical term or geographic name as entry element PROPERTY-LANDLORD AND TENANT
942 ## - ADDED ENTRY ELEMENTS (KOHA)
Suppress in OPAC 0
Holdings
Withdrawn status Lost status Source of classification or shelving scheme Damaged status Not for loan Home library Current library Shelving location Date acquired Total Checkouts Full call number Barcode Date last seen Copy number Price effective from Koha item type
    Dewey Decimal Classification     London London News article 11/07/2002   WB3825-11 118787-1001 06/08/2019 1 06/08/2019 News article